| 000 | 00372nam a2200157Ia 4500 | ||
|---|---|---|---|
| 008 | 220216s9999 xx 000 0 und d | ||
| 100 | _aMeenakumari T | ||
| 245 | 0 | _aUthejakavushadhavum rubber thadiyum | |
| 260 |
_bRubber _c2007 |
||
| 300 | _a19-21. | ||
| 700 | _aReghu C P | ||
| 700 | _aSaraswathyamma C K | ||
| 700 | _aThomas J | ||
| 700 | _aThomas V | ||
| 942 | _cML | ||
| 999 |
_c72792 _d72792 |
||